| 000 | 00485cam a22001697a 4500 | ||
|---|---|---|---|
| 999 |
_c356161 _d356161 |
||
| 003 | OSt | ||
| 005 | 20210803113926.0 | ||
| 008 | 180718b1986 xxu||||| |||| 00| 0 eng d | ||
| 082 | _aY26x5441 V519 | ||
| 100 |
_aVeena, D.R. _926253 |
||
| 245 |
_aBio-gas technology: a study of community bio-gas plant _cby D.R. Veena |
||
| 260 |
_aNew Delhi _c1986 |
||
| 300 | _a94p. | ||
| 650 |
_aBio-gas - India - Gujarat _926254 |
||
| 650 |
_aEnergy resources - India - Gujarat _926255 |
||
| 942 | _2ddc | ||